| 000 | 00742nam a22001937a 4500 | ||
|---|---|---|---|
| 005 | 20251108173516.0 | ||
| 008 | 250721s1998 xx 000 0 ara d | ||
| 082 | 1 | 4 | _aم/212/كثي |
| 100 | 1 | _aإبن كثير القرشي، عماد الدين أبو الفداء إسماعيل بن عمر البصري الدمشقي | |
| 245 | 1 | 0 | _aتفسير القرآن العظيم / |
| 250 | _aط2 جديدة مصححة و منقحة | ||
| 264 | 1 |
_aدمشق : _bمكتبة دار الفيحاء للطباعة والنشر، _c1998. |
|
| 300 | _aمج2-4 | ||
| 650 | 1 | 7 | _aالقرآن الكريم |
| 650 | 1 | 7 | _aتفسير القرآن |
| 700 | 1 |
_aالأرناؤوط، عبد القادر _eمقدم |
|
| 942 |
_2ddc _cREF |
||
| 999 |
_c105581 _d105581 |
||